Τα γεφύρια της Λέσβου
Αποθηκεύτηκε σε:
| Κύριος συγγραφέας: | |
|---|---|
| Μορφή: | Βιβλίο |
| Γλώσσα: | Greek |
| Δημοσίευση: |
Μυτιλήνη :
Νομαρχιακή Αυτοδιοίκηση Λέσβου,
2006
|
| Θέματα: | |
| Ετικέτες: |
Προσθήκη ετικέτας
Δεν υπάρχουν, Καταχωρήστε ετικέτα πρώτοι!
|
MARC
| LEADER | 00000cam a2200000 i 4500 | ||
|---|---|---|---|
| 001 | 1/37687 | ||
| 008 | 061115s2006 gre d | ||
| 035 | |l 10086153 | ||
| 040 | |a GR-MY-UA |b gre |e aacr | ||
| 041 | 0 | |a gre | |
| 082 | 0 | |a 624.20949582 |2 (22) | |
| 100 | 1 | |a Αξιώτης, Μάκης, |d 1950- | |
| 245 | 1 | 3 | |a Τα γεφύρια της Λέσβου / |c Μάκης Αξιώτης |
| 260 | |a Μυτιλήνη : |b Νομαρχιακή Αυτοδιοίκηση Λέσβου, |c 2006 | ||
| 300 | |a 58 σ.; |b έγχρ. εικ., χάρτης; |c 24 εκ. | ||
| 504 | |a Περιέχει βιβλιογραφικές παραπομπές | ||
| 650 | 0 | 0 | |a Bridges, Stone |z Greece |z Lesbos (Municipality) |
| 852 | |a INST |b LESVOS |e 20061115 |h 624.20949582 ΑΞΙ |p 005100032363 |q 005100032363 |t BK |y 0 | ||
| 852 | |a INST |b LESVOS |e 20061116 |h 624.20949582 ΑΞΙ |p 005100032364 |q 005100032364 |t BK |y 0 | ||
| 901 | |a BIBL1-2006-3 | ||
| 909 | |a Λ |b 130060 | ||
| 909 | |a Λ |b 130061 | ||
| 970 | |a ΜΟΥΣΤΑΚΑ |b ΠΗΝΕΛΟΠΗ |z 2006/11/15 | ||